حضرت امیر ملت اور انکے خلفا (Record no. 75410)
[ view plain ]
| 000 -LEADER | |
|---|---|
| fixed length control field | 00446nam a22001457a 4500 |
| 005 - DATE AND TIME OF LATEST TRANSACTION | |
| control field | 20150904092858.0 |
| 008 - FIXED-LENGTH DATA ELEMENTS--GENERAL INFORMATION | |
| fixed length control field | 150904b xxu||||| |||| 00| 0 eng d |
| 040 ## - CATALOGING SOURCE | |
| Transcribing agency | PK-LaUMT |
| 082 ## - DEWEY DECIMAL CLASSIFICATION NUMBER | |
| Classification number | KHC 297.9925 |
| Item number | MUH-H |
| 100 ## - MAIN ENTRY--PERSONAL NAME | |
| Personal name | محمد صادق قصوری |
| 245 ## - TITLE STATEMENT | |
| Title | حضرت امیر ملت اور انکے خلفا |
| Statement of responsibility, etc | محمد صادق قصوری |
| 260 ## - PUBLICATION, DISTRIBUTION, ETC. (IMPRINT) | |
| Place of publication, distribution, etc | سیالکوٹ |
| Name of publisher, distributor, etc | مکتبہ نعمانیہ |
| Date of publication, distribution, etc | 1977 |
| 300 ## - PHYSICAL DESCRIPTION | |
| Extent | 296 ص |
| 942 ## - ADDED ENTRY ELEMENTS (KOHA) | |
| Koha item type | Books |
| Withdrawn status | Lost status | Damaged status | Home library | Current library | Date acquired | Full call number | Barcode | Date last seen | Price effective from | Koha item type |
|---|---|---|---|---|---|---|---|---|---|---|
| UMT Main Campus | UMT Main Campus | 2015-09-04 | KHC 297.9925 MUH-H | 68951 | 2015-09-04 | 2015-09-04 | Books |
